01909nam a2200361Ia 4500001001200000003000800012006001900020007001500039008004100054010001700095020001500112020001800127040002100145035002100166050002500187245036600212246014600578260005800724300002400782504004100806533015200847650003400999650005101033655002901084700004601113700002201159700002501181710013901206710004001345710001701385856012601402999001901528ebr10170944CaPaEBRm u cr cn|||||||||070531s2007 dcua sb f000 0 eng d z 2007276029 z0309103983 z9780309103985 aCaPaEBRcCaPaEBR a(OCoLC)18253084714aT55.3.G3bA77 2007eb00aAssessment of the NIOSH head-and-face anthropometric survey of U.S. respirator usersh[electronic resource] /cCommittee for the Assessment of the NIOSH Head-and-Face Anthropometric Survey of U.S. Respirator Users, Board on Health Sciences Policy ; John C. Bailar III, Emily Ann Meyer, and Robert Pool, editors ; Institute of Medicine of the National Academies.3 aAssessment of the National Institute for Occupational Safety and Health head-and-face anthropometric survey of United States respirator users aWashington, D.C. :bNational Academies Press,cc2007. axiv, 108 p. :bill. aIncludes bibliographical references. aElectronic reproduction.bPalo Alto, Calif. :cebrary,d2009.nAvailable via World Wide Web.nAccess may be limited to ebrary affiliated libraries. 0aAnthropometryzUnited States. 0aBreathing apparatusxStandardszUnited States. 7aElectronic books.2local1 aBailar, John C.q(John Christian),d1932-1 aMeyer, Emily Ann.1 aPool, Robert,d1955-2 aInstitute of Medicine (U.S.).bCommittee for the Assessment of the NIOSH Head-and-Face Anthropometric Survey of U.S. Respirator Users.2 aNational Academy of Sciences (U.S.)2 aebrary, Inc.40uhttp://site.ebrary.com/lib/rucke/Doc?id=10170944zAn electronic book accessible through the World Wide Web; click to view c249821d249821